| 000 | 00795nam a2200217 a 4500 | ||
|---|---|---|---|
| 003 | 0 | ||
| 005 | 20250213151916.0 | ||
| 008 | 130828s19uu xx 00 eng d | ||
| 050 |
_aPGS TP 247.5 _b.C387 2013 |
||
| 100 | _aCebedo, Jason P. | ||
| 245 |
_aThe use of citrus fruit peelings as polystyrene (Styrofoam) solvent / _cJason P. Cebedo. |
||
| 260 |
_aLas PiƱas City, Philippines : _bSouthville International School and Colleges, _c2013. |
||
| 300 |
_a22 pages : _billustrations ; _c28 cm. |
||
| 504 | _aIncludes bibliographical references. | ||
| 650 |
_aPolystyrene _vDegradation. |
||
| 650 | _aBiodegradable solvents. | ||
| 650 |
_aCitrus fruits _vIndustrial applications. |
||
| 650 |
_aCitrus peels _vUtilization. |
||
| 650 |
_aOrganic solvents _vApplications. |
||
| 942 |
_2lcc _cPASS |
||
| 999 |
_c99000 _d99000 |
||